Water reports N15 Irrigation in the countries of the former Soviet Union in figures

সংরক্ষণ করুন:
গ্রন্থ-পঞ্জীর বিবরন
প্রধান লেখক: FAO
বিন্যাস: গ্রন্থ
ভাষা:Undetermined
প্রকাশিত: Rome FAO 1997
বিষয়গুলি:
ট্যাগগুলো: ট্যাগ যুক্ত করুন
কোনো ট্যাগ নেই, প্রথমজন হিসাবে ট্যাগ করুন!
Thư viện lưu trữ: Trung tâm Học liệu Trường Đại học Cần Thơ
LEADER 00534nam a2200193Ia 4500
001 CTU_22974
008 210402s9999 xx 000 0 und d
082 |a 631 
082 |b W324/N15 
100 |a FAO 
245 0 |a Water reports N15 
245 0 |b Irrigation in the countries of the former Soviet Union in figures 
245 0 |c FAO 
260 |a Rome 
260 |b FAO 
260 |c 1997 
650 |a drainage,irrigation 
904 |i Nguyễn Quang Điền, 980710 
980 |a Trung tâm Học liệu Trường Đại học Cần Thơ